Contractionary devaluation, fiscal policy and dynamic adjustment of exports and wages

Guardat en:
Dades bibliogràfiques
Autor principal: Larraín Bascuñán, Felipe (autor)
Format: Llibre
Idioma:espanyol
Publicat: Santiago Universidad Católica de Chile 1985
Col·lecció:Documento de trabajo. Universidad Católica de Chile, Instituto de Economía, 99
Matèries:
Etiquetes: Afegir etiqueta
Sense etiquetes, Sigues el primer a etiquetar aquest registre!

MARC

LEADER 00000nam a2200000 a 4500
001 UCX1705
003 CL-VaPUC
008 901022e19850000CL |||||||||||||||||spa|d
082 0 4 |a 332.4  |b LAR  |2 21 
100 |a Larraín Bascuñán, Felipe  |e autor  |9 588048 
245 1 0 |a Contractionary devaluation, fiscal policy and dynamic adjustment of exports and wages 
300 |a 54 h 
942 |c BK 
945 |d 19901022 00:00:00 
260 |a Santiago  |b Universidad Católica de Chile  |c 1985 
650 0 |a Política monetaria  |9 258279 
650 7 |a DEVALUACION DE LA MONEDA  |2 CL-VaPUC  |9 317317 
583 |a last modification  |c 19901022 00:00:00  |k Rodrigo Vera 
490 0 |a Documento de trabajo. Universidad Católica de Chile, Instituto de Economía, 99 
999 |c 222878  |d 222876 
952 |0 0  |1 0  |4 0  |6 332_400000000000000_LAR_1985  |7 0  |8 A  |9 218167  |a BIBENE  |b BIBENE  |d 2019-11-15  |i 2870061  |o 332.4 LAR 1985  |p 2870061  |r 2025-01-15  |w 2019-11-15  |y BK  |k ICO